Art of Edo Japan. The artist and the city 1615-1868

Guardado en:
Detalles Bibliográficos
Autor principal: Guth, Christine (Autor)
Formato: Libro
Lenguaje:inglés
Publicado: Nueva York Harry N. Abrams 1996
Colección:Perspectives
Materias:
Etiquetas: Agregar Etiqueta
Sin Etiquetas, Sea el primero en etiquetar este registro!

MARC

LEADER 00000nam a2200000 a 4500
001 UCI1526
003 CL-VaPUC
008 070706e19960000US |||||||||||||||||eng|d
020 |a 0810927306 
082 0 4 |a 709.52  |b GUT  |2 21 
100 |a Guth, Christine  |e author  |9 522086 
245 1 0 |a Art of Edo Japan. The artist and the city 1615-1868 
300 |a 176 p 
942 |c BK 
945 |d 20070706 00:00:00  |a rbrito 
260 |a Nueva York  |b Harry N. Abrams  |c 1996 
650 0 |a Arte japonés  |9 268878 
650 7 |a SIGLOS 17-19  |2 CL-VaPUC  |9 393695 
650 0 |a Artistas creadores japoneses   |9 522087 
650 0 |a Bellas artes  |9 334299 
650 0 |a Creatividad   |9 310816 
650 7 |a OBRAS DE ARTE JAPONESAS  |2 CL-VaPUC  |9 522088 
651 0 |a Japón   |9 260391 
583 |a last modification  |c 20070706 00:00:00  |k Rodrigo Vera 
490 0 |a Perspectives 
999 |c 326329  |d 326327 
952 |0 0  |1 0  |4 0  |6 709_520000000000000_GUT_1996  |7 0  |8 A  |9 408175  |a BIBGIM  |b BIBGIM  |d 2019-11-22  |i 4212355  |o 709.52 GUT 1996  |p 4212355  |r 2025-01-15  |w 2019-11-22  |y BK  |k ORI